Países Miembros de la UEFA por Insignia - Estadísticas

Estadísticas generales
  • Esta prueba ha sido intentada 185 veces
  • La puntuación promedio es 35 de 55
Estadísticas de respuestas
Imagen Respuesta % Correcto
Turquía
92%
Alemania
88%
Italia
88%
Albania
87%
Austria
86%
Bélgica
86%
Croacia
86%
España
86%
Portugal
86%
Noruega
85%
Suecia
85%
Francia
84%
Finlandia
83%
Inglaterra
83%
Eslovaquia
82%
Chipre
81%
Gales
81%
Grecia
81%
Irlanda
81%
Países Bajos
81%
Andorra
80%
Montenegro
77%
Bosnia y Herzegovina
76%
Moldavia
72%
Escocia
71%
Eslovenia
71%
Ucrania
71%
Hungría
70%
Polonia
69%
Azerbaiyán
68%
Bielorrusia
67%
Irlanda del Norte
65%
Dinamarca
62%
Rumania
62%
Suiza
60%
Armenia
55%
San Marino
53%
República Checa
52%
Serbia
52%
Islandia
50%
Rusia
47%
Kazajistán
40%
Kosovo
40%
Liechtenstein
40%
Israel
39%
Macedonia del Norte
38%
Estonia
32%
Malta
32%
Letonia
31%
Georgia
27%
Luxemburgo
27%
Gibraltar
25%
Lituania
21%
Bulgaria
18%
Islas Faroe
15%
No se encontraron pruebas coincidentes
Distribución de puntuación
Porcentaje de gente con cada puntuación
Porcentaje por número respondido
Historial de tus puntuaciones
No has intentado esta prueba.